000 01206nam a2200325 a 4500
001 BRL_444
005 20190320210738.0
008 130813s1987----mx-a######---#000-0#spa-#
020 _a03785726
041 _aspa
044 _amx
050 4 _aHD2346.M42
_b.O28 1987
245 1 0 _aOcumicho y Patamban
_bdos maneras de ser artesano
_cCécile Gouy-Gilbert ; Traducido por Luz María Santamaría.
260 _aMéxico
_bCentre D´etudes Mexicaines Et Centramericaines
_c1987
300 _a63 p.
_bil., mapas
_c28 cm.
440 0 _aCollection Etudes meìsoameìricaines
_v10
_x0378-5726. II
_923930
440 0 _aCuadernos de estudios michoacanos
_v2
_923931
500 _aAu503
504 _aBibliografía: p. 60
650 1 4 _aCerámica tarasca
_923932
650 1 4 _aIndígenas tarascos
_xIndustrias
_923933
650 1 4 _aArtesanias en cerámica
_zMéxico, Ocumicho
_923934
650 1 4 _aArtesanias en cerámica
_zMéxico, Patamban
_923935
651 4 _aOcumicho (México)
_xVida social y costumbres
_923936
651 4 _aPatamban (México)
_xVida social y costumbres
_923937
700 1 _aSantamaría, Luz María
_etr.
_95522
700 1 _aGouy Gilbert, Cecile
_923938
902 _aGRL
942 _2lcc
_cB
999 _c9256
_d9256